000
00331nam a2200133Ia 4500
008
240624s9999 xx 000 0 und d
041
_a
eng
082
_a
658.802 DAY
100
_a
DAY GEORGE S
245
_a
MARKET DRIVEN STRATEGY PROCESSES FOR CRE
260
_c
1999
_a
New York
_b
Free Press
300
_a
432 : p.
365
_c
_b
15
999
_c
17359
_d
17359